Da solo, io! (Record n. 357984)
[ formato base ]
| 000 -LEADER | |
|---|---|
| campo di controllo lung. fissa | 01563nam a22002057a 4500 |
| 003 - Identificatore del numero di controllo | |
| campo di controllo | IT-MiCISF |
| 005 - Data e orario dell'ultima transazione | |
| campo di controllo | 20180904113527.0 |
| 008 - Elementi di lunghezza fissa--Informazione generale | |
| campo di controllo lung. fissa | 180904b ||||| |||| 00| 0 eng d |
| 040 ## - Fonte della catalogazione | |
| Agenzia che fa la trascrizione | IT-MiCISF |
| 041 ## - Codice di lingua | |
| Codice di lingua del testo/traccia sonora o titolo separato | it |
| 100 ## - Accesso principale -- nome di persona | |
| Nome di persona | Honegger Fresco Grazia |
| 9 (RLIN) | 57359 |
| 245 ## - Formulazione del titolo | |
| Titolo | Da solo, io! |
| Complemento del titolo | Il progetto pedagogico di Maria Montessori da 0 a 3 anni |
| 260 ## - Pubblicazione, distribuzione, ecc. (stampa) | |
| Luogo di pubblicazione, distribuzione, ecc. | Molfetta (BA) |
| Nome dell'editore, distributore, ecc. | La Meridiana |
| Data di pubblicazione, distribuzione, ecc. | 2018 |
| 300 ## - Descrizione fisica | |
| Estensione | pp. 209 |
| 500 ## - Nota generale | |
| Nota generale | infanzia, periodo-neonatale, nascita, crescita-bambini, servizi-infanzia, diritti-bambino, educazione-bambini |
| 520 ## - Riassunto, ecc. | |
| Nota di riassunto, ecc. | Questo libro nasce con l'intenzione di ricostruire il lavoro di Adele Costa Gnocchi, che di Maria Montessori è stata interprete fedele, acuta e geniale. Raccoglie memorie e indicazioni precise del suo lavoro creativo, offrendo ai lettori la possibilità di attraversare il concetto di educazione dalla nascita come aiuto alla vita. Sostenere il diritto del bambino al "rispetto", fare in modo che questo non sia parola vuota, di comodo, ma correttamente impostare un approccio educativo montessoriano fin dall'attesa è quanto queste pagine fanno declinando il pensiero di Maria Montessori e raccogliendo esperienze sperimentabili ancora oggi. Un libro per educatori, genitori, insegnanti affascinati dalla possibilità di un progetto pedagogico basato sull'osservazione, sulla fiducia nelle forze naturali dei bambini e dei ragazzi, in un ambiente liberante, senza banchi, né premi, né voti, come sosteneva la Montessori. |
| 650 ## - Accesso aggiunto di soggetto--termine topico | |
| Termine topico o nome geografico come accesso | educazione |
| 9 (RLIN) | 56062 |
| 654 ## - Accesso aggiunto di soggetto--termini topici faccettati | |
| Termine principale | saggio |
| 942 ## - Dati aggiuntivi (Koha) | |
| Fonte della classificazione o dello schema di collocazione (segnatura) | Dewey Decimal Classification |
| Tipo copia default (Koha) | LIBRO |
| Ritirato (status) | Perso (status) | Fonte della classificazione o dello schema di collocazione (segnatura) | Danneggiato (status) | Non per il presito | Biblioteca proprietaria | Biblioteca in cui si trova | Data d'acquisizione | Totale prestiti | Collocazione | Codice a barre | Data ultima operazione | Prezzo in vigore dal | Tipo copia default (Koha) |
|---|---|---|---|---|---|---|---|---|---|---|---|---|---|
| Dewey Decimal Classification | Buone Condizioni | Not For Loan | CISF - Milano | CISF - Milano | 04/09/2018 | b7477 | 9788861535701 | 04/09/2018 | 04/09/2018 | LIBRO |